| Tag |
First Indicator |
Second Indicator |
Subfields |
| LEADER |
00000cam a2200000 4500 |
| 001 |
in00000062113 |
| 005 |
20151008051650.0 |
| 008 |
720519s1965 cau b 00000 eng u |
| 010 |
|
|
|a 64018644
|
| 035 |
|
|
|a (OCoLC)00312252
|
| 035 |
|
|
|9 AAG9279AM
|
| 040 |
|
|
|c TOL
|d TXA
|d UtOrBLW
|
| 049 |
|
|
|a TXAM
|c [452899]
|
| 090 |
|
|
|a DS821
|b .M55 1965
|
| 092 |
|
|
|a 342.5203
|b M647m
|
| 100 |
1 |
|
|a Miller, Frank O.
|
| 245 |
1 |
0 |
|a Minobe Tatsukichi, interpreter of constitutionalism in Japan /
|c [by] Frank O. Miller.
|
| 264 |
|
1 |
|a Berkeley :
|b University of California Press,
|c 1965.
|
| 300 |
|
|
|a xi, 392 pages ;
|c 25 cm.
|
| 336 |
|
|
|a text
|b txt
|2 rdacontent
|
| 337 |
|
|
|a unmediated
|b n
|2 rdamedia
|
| 338 |
|
|
|a volume
|b nc
|2 rdacarrier
|
| 490 |
1 |
|
|a A Publication of the Center for Japanese and Korean Studies, University of California, Berkeley
|
| 504 |
|
|
|a Bibliography: pages [359]-377.
|
| 600 |
1 |
0 |
|a Minobe, Tatsukichi,
|d 1873-1948.
|
| 651 |
|
0 |
|a Japan
|x Constitutional law.
|
| 830 |
|
0 |
|a Publications (University of California, Berkeley. Center for Japanese and Korean Studies)
|
| 999 |
|
|
|a MARS
|
| 999 |
f |
f |
|s 164894a0-7308-37fd-8082-4a9bba506ad3
|i 374ee867-9d61-3405-bc56-a154d8e42ff4
|t 0
|
| 952 |
f |
f |
|p ric
|a Texas A&M University
|b Rellis Campus
|c Joint Library Facility
|d Remote Storage
|t 0
|e DS821 .M55 1965
|h Library of Congress classification
|i unmediated -- volume
|m A14800787219
|
| 998 |
f |
f |
|a DS821 .M55 1965
|t 0
|l Remote Storage
|